00537 2200205 4500001002100000005001700021008004100038035002400079082001200103090001900115100002100134245005200155260003900207300001900246650001800265850001200283980001500295985000600310999001500316YOGYA-0209000006531820090227040425.0 ind  0010-020900000065318 a839.314 a839.314bBra V aBRAAK, menno Ter aVerzameld work Menno Ter Braakcmenno Braak Ter aAmsterdambG.A. Van Oorschotc1951 a913 hlmc19 cm aFiksi Belanda aYOPDYOG a14-10-2008 a1 aa000047906